Nghệ thuật chế tác non bộ

שמור ב:
מידע ביבליוגרפי
מחבר ראשי: Trọng, Tế Nam
פורמט: ספר
שפה:Undetermined
יצא לאור: Hà Nội Mỹ Thuật 2004
נושאים:
תגים: הוספת תג
אין תגיות, היה/י הראשונ/ה לתייג את הרשומה!
Thư viện lưu trữ: Trung tâm Học liệu Trường Đại học Cần Thơ
LEADER 00594nam a2200193Ia 4500
001 CTU_74062
008 210402s9999 xx 000 0 und d
020 |c 25000 
082 |a 736.5 
082 |b N104 
100 |a Trọng, Tế Nam 
245 0 |a Nghệ thuật chế tác non bộ 
245 0 |c Trọng Tế Nam, Vương Chí Anh ; Nhất Như, Phạm Cao Hoàn biên dịch 
260 |a Hà Nội 
260 |b Mỹ Thuật 
260 |c 2004 
650 |a Floriculture 
904 |i Minh, Trong Hieu 
980 |a Trung tâm Học liệu Trường Đại học Cần Thơ